000 00652cam a22002293a 4500
001 12889
003 PGUSA
005 20140828083258.0
008 040712s2004||||xxu|||||s|||||000 | eng d
040 _aPGUSA
_beng
042 _adc
050 4 _aPQ
100 1 _aSand, George,
_d1804-1876
245 1 0 _aPromenades autour d'un village
_h[electronic resource] /
_cGeorge Sand
260 _bProject Gutenberg,
_c2004
506 _aPublic domain in the USA.
516 _aElectronic text
653 _aBerry (France) -- Description and travel
830 0 _aProject Gutenberg
_v12889
856 4 0 _uhttp://www.gutenberg.org/ebooks/12889
942 _cEB
999 _c242144
_d242144